000 00299nam a22001337a 4500
008 170623b xxu||||| |||| 00| 0 eng d
020 _a9780333594872
041 _aeng
080 _a32
100 _a21
101 _aSHP
245 _aGOVERNANCE AND POLITICS IN CHINA
_cSAICH, T
942 _2udc
_cBK
999 _c18927
_d18927